Leonardo DiCaprio en 15 films - Statistiques

Statistiques générales
  • Ce quiz a été pris 1 820 fois
  • Le résultat moyen est 8 sur 15
Statistiques - réponses
Date Film % Correct
1997 Titanic
99%
2013 Le loup de Wall street
78%
2015 The Revenant
71%
2010 Inception
70%
2010 Shutter Island
67%
2019 Once upon a time in Hollywood
60%
1997 Roméo + Juliette
53%
2002 Arrête-moi si tu peux
52%
2012 Django Unchained
51%
2013 Gatsby le Magnifique
43%
2006 Les infiltrés
37%
2004 Aviator
34%
2002 Gangs of New York
27%
1995 The Basketball Diaries
25%
1993 Gilbert Grape
23%
Aucun quiz correspondant
Distribution des résultats
% des personnes avec chaque résultat
Percentile par nombre de réponses
Votre historique - résultats
Vous n’avez pas pris ce quiz